000 00767aam a2200289 i 4500
001 768714001
003 CO-MdFUSB
005 20250829121409.0
007 ta
008 250829t1962 -us |||| |||| 00| 0 eng d
040 _cCO-MdBIC
041 0 _aeng
082 0 4 _223
_a249
_bC3198t
100 1 _aCarruth, Thomas A.
_eautor
245 1 0 _aTotal prayer for total living
_c/ Thomas A. Carruth
264 1 _bZondervan Publishing House,
_aGrand Rapids, MI., USA :
_c[1962]
264 4 _c©1962
300 _a116 páginas
336 _atexto
_btxt
_2rdacontent
337 _2rdamedia
_asin mediación
_bn
338 _2rdacarrier
_avolumen
_bnc
563 _aRústico
650 7 _aOración
_986
942 _cBK
945 _aJTF-925
999 _c36278
_d36278